[Event "AUT-ch U08"]
[Site "Linz"]
[Date "2013.05.31"]
[Round "2"]
[White "Malzer, Emanuel"]
[Black "Morgunov, Marc"]
[Result "0-1"]
[WhiteElo "1054"]
[BlackElo "1539"]
[PlyCount "80"]
[EventDate "2013.05.31"]
[EventType "swiss"]
[EventRounds "7"]
[EventCountry "AUT"]
[SourceTitle "EXT 2015"]
[Source "ChessBase"]
[SourceDate "2014.11.20"]
[SourceVersion "1"]
[SourceVersionDate "2014.11.20"]
[SourceQuality "1"]

1. e4 c5 2. Bc4 Nc6 3. Qf3 Nf6 4. g4 h6 5. Nc3 e6 6. d3 Ne5 7. Qd1 Nexg4 8. Nh3 d5 9. Bb5+ Bd7 10. Bxd7+ Qxd7 11. exd5 exd5 12. Bf4 d4 13. Qe2+ Qe6 14. Ne4 Nxe4 15. dxe4 Nf6 16. f3 Qxh3 17. e5 Nd7 18. 0-0-0 Qe6 19. a3 0-0-0 20. Rhg1 Kb8 21. h4 Ka8 22. h5 Re8 23. Bd2 Qxe5 24. Qxe5 Nxe5 25. Bf4 Nxf3 26. Rgf1 Ng5 27. Rfe1 Be7 28. b4 cxb4 29. Bc7 Bf6 30. Rxe8+ Rxe8 31. Ba5 g6 32. hxg6 fxg6 33. Bxb4 h5 34. Bc5 Re4 35. c4 dxc3 36. Bb4 Rxb4 37. Kc2 Rb2+ 38. Kd3 Rd2+ 39. Rxd2 cxd2 40. Kxd2 h4 0-1